El Imperio Carolingio /
El universo de las formas es una colección publicada por editorial Aguilar en veintiocho volúmenes, incompleta en biblioteca, que trata sobre las características y esplendor de las expresiones artísticas en diferentes lugares del mundo y en épocas históricas distintas. Cada uno viene ilustrado en su...
Збережено в:
| Автор: | |
|---|---|
| Інші автори: | , |
| Формат: | Книга |
| Мова: | Іспанська |
| Опубліковано: |
Madrid, España :
Aguilar,
1968, c1968
|
| Серія: | (El Universo de las Formas)
|
| Предмети: | |
| Теги: |
Немає тегів, Будьте першим, хто поставить тег для цього запису!
|
MARC
| LEADER | 00000nam^a2200000^a^4500 | ||
|---|---|---|---|
| 001 | 000102986 | ||
| 005 | 20250521000000.0 | ||
| 009 | 20260310093333.72 | ||
| 037 | |a Acervo ITESO - Biblioteca | ||
| 041 | |a ESP | ||
| 082 | |a 709. |b UNI V. 15 | ||
| 100 | |a Hubert, Jean |e (autor) | ||
| 240 | 1 | 4 | |a [El universo de las formas] |
| 245 | 1 | 3 | |a El Imperio Carolingio / |c H. Hubert, J. Porcher, W.F. Volbach ; pról. de André Parrot ; tr. por Luis Hernández Alfonso. |
| 264 | 4 | |a Madrid, España : |b Aguilar, |c 1968, c1968 | |
| 300 | |a 379 p. | ||
| 336 | |a texto |b txt |2 rdacontenido | ||
| 337 | |a sin mediación |b n |2 rdamedio | ||
| 338 | |a volumen |b nc |2 rdasoporte | ||
| 440 | 4 | |a (El Universo de las Formas) | |
| 520 | |a El universo de las formas es una colección publicada por editorial Aguilar en veintiocho volúmenes, incompleta en biblioteca, que trata sobre las características y esplendor de las expresiones artísticas en diferentes lugares del mundo y en épocas históricas distintas. Cada uno viene ilustrado en su mayoría con láminas en blanco y negro, y en menor medida a color. El número de volumen es asignado según fueron clasificándose. | ||
| 520 | |a Historia del arte carolingio, promovido de manera central por Carlomagno, si bien sus inicios se producen durante el reinado de su padre Pipino y continuó desarrollándose bajo los gobiernos de Ludovico Pío y Carlos el Calvo. | ||
| 649 | |a XX | ||
| 650 | |a Arte Románico - |x Historia y Crítica | ||
| 650 | |a Arte Carolingio - |x Historia y Crítica - |x Tema Principal | ||
| 650 | |a Arte Religioso - |x Historia y Crítica | ||
| 650 | |a Arte Europeo - |x Historia y Crítica | ||
| 650 | |a Europa - |x Historia - |y Siglo XVIII | ||
| 650 | |a Europa - |x Historia - |y Siglo IX | ||
| 650 | |a Edad Media - |x Historia | ||
| 700 | |a Porcher, Jean |e (autor) | ||
| 700 | |a Volbach, Wolfgang F. |e (autor) | ||
| 910 | |a Fondo General | ||
| 920 | |a Impresos - Libros | ||
| 930 | |a Obras de Referencia | ||
| 905 | |a 102 | ||
| 901 | |a 0500038466 |b IT2 |c REF |u 20250521 | ||
| 901 | |a 0500038467 |b IT2 |c REF |u 20250521 | ||
| 902 | |a https://opac.biblio.iteso.mx/vufind/Record/000102986 | ||